A study of the implications of Public Administration reforms on human security in Zambia: a case of selected state owned enterprises. (Record no. 490)

MARC details
000 -LEADER
fixed length control field 00831nam a2200181 a 4500
008 - FIXED-LENGTH DATA ELEMENTS--GENERAL INFORMATION
fixed length control field 160919s2015 ||||||||||||||||| || u
050 ## - LIBRARY OF CONGRESS CALL NUMBER
Classification number CBU-PG THESIS/SIL
100 ## - MAIN ENTRY--PERSONAL NAME
Personal name Silungwe, Atangambuyu Sinyani
245 12 - TITLE STATEMENT
Title A study of the implications of Public Administration reforms on human security in Zambia: a case of selected state owned enterprises.
Statement of responsibility, etc. by Atangambuyu Sinyani Silungwe
260 ## - PUBLICATION, DISTRIBUTION, ETC.
Place of publication, distribution, etc. Kitwe
Name of publisher, distributor, etc. Copperbelt University
Date of publication, distribution, etc. 2015
300 ## - PHYSICAL DESCRIPTION
Extent vi, 70p.: ill.
500 ## - GENERAL NOTE
General note Bibliography
650 ## - SUBJECT ADDED ENTRY--TOPICAL TERM
Topical term or geographic name entry element PUBLIC--GOVERNMENT POLICY--ZAMBIA
650 ## - SUBJECT ADDED ENTRY--TOPICAL TERM
Topical term or geographic name entry element PUBLIC ADMINISTRATION--ZAMBIA
650 ## - SUBJECT ADDED ENTRY--TOPICAL TERM
Topical term or geographic name entry element GOVERNMENT REFORMS--HUMAN SECURITY--ZAMBIA
650 ## - SUBJECT ADDED ENTRY--TOPICAL TERM
Topical term or geographic name entry element HUMAN RIGHTS--ZAMBIA
995 ## -
-- SPECIAL COLLECTIONS
-- 746643
-- CBU-DAG HAMMARSKJOLD INSTITUTE LIBRARY
-- CBU-PG THESIS/SIL
-- 1
-- AVAILABLE
-- Sep 19, 2016
-- B2355
-- University Collection
999 ## -
-- 490
-- 490
Holdings
Withdrawn status Lost status Source of classification or shelving scheme Damaged status Not for loan Permanent Location Current Location Shelving location Date acquired Total Checkouts Full call number Barcode Date last seen Price effective from Koha item type
          CBU-DAG HAMMARSKJOLD INSTITUTE CBU-DAG HAMMARSKJOLD INSTITUTE   11/28/2022   CBU-PG THESIS/SIL B2355 11/28/2022 11/28/2022 MONOGRAPH